| 000 | 02055nam a2200301Ia 4500 | ||
|---|---|---|---|
| 999 |
_c41605 _d41605 |
||
| 001 | 8274 | ||
| 003 | GE_BSU | ||
| 005 | 20240426155427.0 | ||
| 008 | 181216s2012||||ge |||||||||||||| ||geo|| | ||
| 020 | _a978-9941-15-614-4 | ||
| 040 | _cGE_BSU | ||
| 041 | _ageo | ||
| 080 | _a913(100)(072) | ||
| 100 |
_aბლიაძე, მაია _93279 |
||
| 245 |
_aმსოფლიოს გეოგრაფია 10 [კლასი] : _bმასწავლებლის წიგნი / _cმაია ბლიაძე, გია ჭანტურია, დავით კერესელიძე ; რედ. დიანა ყასუმაშვილი ; კარტოგრაფი დავით სვანაძე ; ყდის დიზაინი მართა თაბუკაშვილი, ნათია კვარაცხელია ; დიზაინი : დავით მაჭავარიანი, თინათინ ბერბერაშვილი. |
||
| 264 |
_aთბილისი : _bბაკურ სულაკაურის გამ-ბა, _c2012. |
||
| 300 |
_a300 გვ. : _bილ. ; _c29 სმ. |
||
| 500 | _aწანართი : საქ. სახელმწ. გერბი და ჰიმნი "თავისუფლება" | ||
| 500 | _aყდასა და ტიტულზე გოგა ჩანადირის ფოტო | ||
| 541 | _h7ლ. | ||
| 653 | _aმსოფლიოს გეოგრაფია | ||
| 653 | _aსახელმძღვანელოები საშუალო სკოლებისათვის | ||
| 700 |
_aჭანტურია, გია _eავტორი _93574 |
||
| 700 |
_aკერესელიძე, დავით _eავტორი _99318 |
||
| 700 |
_aყასუმაშვილი, დიანა _eრედაქტორი _921957 |
||
| 700 |
_aსვანიძე, დავით _eკარტოგრაფი _921958 |
||
| 942 |
_cBK _2udc |
||